000 00459nam a2200145Ia 4500
008 231129s1999||||xx |||||||||||||| ||spa||
020 _a958-96701-6-4
040 _bspa
082 _aCo863.08 T693m
100 _aTorres Juan
245 0 _aMinicuentos
260 _c1999
264 _aSantafé de Bogotá Colombia: Alcaldí­a Mayor de Santafé de Bogotá. Instituto Distrital de Cultura y Turismo
942 _2ddc
_cBKS
999 _c21236
_d21236